Countries With 'P' Quiz Stats

 Plays Quiz Updated Oct 18, 2018

Score 0/22 Timer 05:00
3 Plays Today
Country % Correct
Peru
87.3%
Portugal
85.9%
Poland
82.1%
Paraguay
80.8%
Pakistan
78.4%
Panama
78.4%
Philippines
72.8%
Papua New Guinea
66.1%
Spain
66%
Japan
64.3%
Democratic Republic of the Congo
62.2%
Country % Correct
Palau
61.7%
Republic of the Congo
57.7%
Nepal
55.4%
Egypt
52.5%
Central African Republic
49.8%
Dominican Republic
48.6%
Palestine
43.3%
Cyprus
42.3%
Ethiopia
40.5%
São Tomé and Príncipe
40%
Singapore
39.5%

You're not logged in!

Compare scores with friends on all Sporcle quizzes.
OR
Log In

Sporcle TV

Today on Sporcle TV


Watch our educational content, quiz creation guides, and fun videos on Sporcle TV.

Show Comments

Extras

Top Quizzes Today


Score Distribution

Your Account Isn't Verified!

In order to create a playlist on Sporcle, you need to verify the email address you used during registration. Go to your Sporcle Settings to finish the process.

Report this User

Report this user for behavior that violates our Community Guidelines.

Details: